| 000 | 00894nam a2200217Ia 4500 | ||
|---|---|---|---|
| 001 | 15699 | ||
| 003 | GE_BSU | ||
| 008 | 181216s||||||||xx |||||||||||||| ||und|| | ||
| 040 | _cGE_BSU | ||
| 080 | _a821.353.1-92 | ||
| 100 | _aწერეთელი, გიორგი | ||
| 245 | _aთხზულებათა სრული კრებული.ტ. 1 | ||
| 245 | _bპუბლიცისტური წერილები, 1862-1868. | ||
| 245 | _cსიმონ ხუნდაძის რედ., წინასიტყვ. და შენიშვნებით. | ||
| 260 | _aტფილისი | ||
| 260 | _c1931 | ||
| 300 | _a458გვ.ფოტოსურათები.22სმ. | ||
| 653 | _aთხზულებათა სრული კრებული | ||
| 653 | _aპუბლიცისტური წერილები | ||
| 942 | _cBK | ||
| 999 |
_c48797 _d48797 |
||